000 00711nam a2200205Ia 4500
003 GCL
008 140319s9999 xx 000 0 ara d
040 _aGCL /
_cGCL
082 0 4 _a910.4468
_bا م
100 1 _aاحمد مختار العبادى
245 1 0 _aمشاهدات لسان الدين بن الخطيب فى بلاد المغرب والاندلس: مجموعة من رسائله /
_cاحمد مختار العبادى
260 _a[S.N] :
_bمؤسسة شباب الجامعة ،
_c1983
300 _a179 ص
490 _a
650 0 4 _aالاندلس
650 0 4 _aالتاريخ الاسلامى
650 0 4 _aالرحالة العرب
650 0 4 _aوصف ورحلات
942 _2ddc
_cBK
999 _c31821
_d31821